000 00856nam a2200265 i 4500
001 16582
003 ES-MaACL
005 20250809063450.0
007 t|
008 001017s1999 sp ||||0| spa
020 _a84-7635-369-3
080 _a929-054.72(=1.460:4)"19"
080 _a314.743(460)"19"
100 1 _aVilar, Juan Bautista,
_d1941-2018
_9114797
245 1 3 _aLa emigración española a Europa en el siglo XX /
_cJuan B. Vilar, María José Vilar.
260 _aMadrid :
_bArco/Libros,
_c[1999]
300 _a93 p. ;
_c22 cm.
490 1 _aCuadernos de historia ;
_v66
650 4 _aEspañoles-
_zEuropa-
_yS.XX.
_912474
651 4 _aEspaña-
_xEmigración-
_yS.XX.
_98193
700 1 _aVilar, María José.
_9114799
830 1 _aCuadernos de historia ;
_v66
_9179996
852 _aES-MaACL
_jL-23832
999 _c16582
_d16582